000 01162nam a2200253Ia 4500
999 _c38534
_d38534
001 4635
003 GE_BSU
005 20190508213500.0
008 181216s2004||||ge |||||||||||||| ||geo||
020 _a9994026011
040 _cGE_BSU
041 _ageo
080 _a94(479.22)(075.8) ა-87
100 _aასათიანი, ნოდარ
_9932
245 _aსაქართველოს ისტორია : უძველესი დროიდან XIX საუკუნემდე
_bსახელმძღვ . /
_c ნოდარ ასათიანი ; რედ : როინ მეტრეველი
250 _aმე-3 გამოემა
264 _aთბილისი .:
_bსაქართველოს მაცნე,
_c2004.
300 _a392 გვ ;
_bილ ;
_c21სმ.
653 _aსაქართველოს ისტორია.
653 _aუძველესი დროიდან XIX საუკუნემდე
653 _aისტორია
700 _aმეტრეველი, როინ
_eრედაქტორი
_9933
942 _cBK
_2udc